Universo, vida, intelecto /

Guardado en:
Autor Principal: Shklovski, I.S.
Formato: Libro
Idioma:Spanish
Publicado: Moscu : Mir, 1977.
Materias:
Etiquetas: Agregar Etiqueta
Sin Etiquetas, Sea el primero en etiquetar este registro!
LEADER 00485nam a22001695a 4500
001 EUN.um022713
003 AR-BaUNS
005 20050623122901.0
008 041125s1977####-ura##########000#0#spa#d
245 1 0 |a Universo, vida, intelecto /  |c I.S. Shklovski. 
260 |a Moscu :  |b Mir,  |c 1977. 
300 |a 383 p. :  |b ilus. ;  |c 20,5 cm. 
100 1 |a Shklovski, I.S. 
082 0 4 |a 523 
653 |a Astronomia descriptiva 
653 |a Universo 
859 |a Ar-BaUNS  |b BIB. CENTRAL - Sector A  |h 523  |i Sh69  |p 104034/994